|
|
|
|
| LEADER |
00000cam a2200000 7i4500 |
| 001 |
0000000563 |
| 005 |
20040311.0 |
| 020 |
0 |
0 |
|a 1853836990
|
| 090 |
0 |
0 |
|a 333.9516
|b ROO 2000
|
| 245 |
0 |
4 |
|a The ROOT causes of biodiversity loss
|c edited by Alexander Wood, Pamela Stedman-Edwards and Johanna Mang
|
| 260 |
0 |
0 |
|a London :
|b Earthscan Pub. ,
|c 2000
|
| 300 |
|
|
|a xvi, 399 :
|b ill., maps ;
|c 24 cm.
|
| 500 |
0 |
0 |
|a Bibliography: [p.378-389] and index
|
| 650 |
0 |
0 |
|a Biological diversity conservation
|
| 700 |
0 |
1 |
|a Mang
|h Johanna
|
| 700 |
0 |
1 |
|a Stedman-Edwards
|h Pamela
|
| 700 |
0 |
1 |
|a Wood
|h Alexander
|
| 998 |
|
|
|a JPSM
|
| 999 |
|
|
|a 0000001668
|b Monograph
|c Open Shelf
|e Default branch
|